| 000 | 00840nam a2200217Ii 4500 | ||
|---|---|---|---|
| 003 | JO-AjNU | ||
| 008 | 230605s9999||||xx |||||||||||||| ||und|| | ||
| 017 | _a1991/6/261 | ||
| 040 |
_aJO-AjNU _bara _erda _cJO-AjNU |
||
| 041 | _aara | ||
| 050 | 1 | 4 | _aLC901.S7.M33 1991 |
| 100 | 3 |
_aعطية، عطية محمد مؤلف/نصر، رضا محمد م.مشارك/النبالي، عبد اللطيف مطيع م.مشارك/شحادة، عصام إبراهيم م.مؤلف, _eauthor _942565 |
|
| 245 | 0 | 0 | _aمفاهيم أساسية في التربية الإسلامية والإجتماعيات |
| 250 | _aط1 | ||
| 264 | 3 | 1 | _aعمان:دار الفكر:1991 |
| 300 | _a327ص | ||
| 336 |
_atext _btxt _2rdacontent |
||
| 337 |
_aunmediated _bn _2rdamedia |
||
| 338 |
_avolume _bnc _2rdacarrier |
||
| 650 | 4 |
_aالإسلام-فلسفة _942566 |
|
| 999 |
_aA18235 _c21803 _d21803 |
||